BR dictionary of economics : (Record no. 122946)

MARC details
000 -LEADER
fixed length control field 00792nam a22002537a 4500
003 - CONTROL NUMBER IDENTIFIER
control field dpl
005 - DATE AND TIME OF LATEST TRANSACTION
control field 20180721172755.0
008 - FIXED-LENGTH DATA ELEMENTS--GENERAL INFORMATION
fixed length control field 180721b xxu||||| |||| 00| 0 eng d
010 ## - LIBRARY OF CONGRESS CONTROL NUMBER
LC control number A-945796
020 ## - INTERNATIONAL STANDARD BOOK NUMBER
Terms of availability 00.00
International Standard Book Number 8176460214
035 ## - SYSTEM CONTROL NUMBER
System control number A-945796, A-945802
037 ## - SOURCE OF ACQUISITION
Source of stock number/acquisition Cen Lib/Ret
040 ## - CATALOGING SOURCE
Original cataloging agency DPL
Language of cataloging EN
Transcribing agency 0
082 ## - DEWEY DECIMAL CLASSIFICATION NUMBER
Classification number 330.3
Item number NAR
100 ## - MAIN ENTRY--PERSONAL NAME
Personal name Narain,Veena
9 (RLIN) 3232
245 ## - TITLE STATEMENT
Title BR dictionary of economics :
Statement of responsibility, etc by Veena Narain
Remainder of title Indian persepective /
260 ## - PUBLICATION, DISTRIBUTION, ETC. (IMPRINT)
Place of publication, distribution, etc New Delhi
Name of publisher, distributor, etc B.R.Publishing Coperation
Date of publication, distribution, etc 1998
270 ## - ADDRESS
Address 3779,1st Floor, Kanhiya Nagar, Tri Nagar
City New Delhi
Postal code 110035
300 ## - PHYSICAL DESCRIPTION
Extent 249p.
Dimensions 23cm(Hb)
500 ## - GENERAL NOTE
General note Includes appendix
650 ## - SUBJECT ADDED ENTRY--TOPICAL TERM
Topical term or geographic name as entry element Economics-
Form subdivision Dictionaries
9 (RLIN) 106531
650 ## - SUBJECT ADDED ENTRY--TOPICAL TERM
Topical term or geographic name as entry element Economics
9 (RLIN) 106532
942 ## - ADDED ENTRY ELEMENTS (KOHA)
Source of classification or shelving scheme Dewey Decimal Classification
Koha item type English Books
Classification part 330.3
Call number suffix NAR
Holdings
Withdrawn status Lost status Damaged status Not for loan Collection code Home library Current library Date acquired Source of acquisition Cost, normal purchase price Total Checkouts Full call number Barcode Date last seen Copy number Cost, replacement price Price effective from Koha item type Source of classification or shelving scheme Total Renewals Date checked out
      Not For Loan Reference Central Library Central Library 01/06/2015 Cen Lib/Ret 0.00   330.3 NAR A-945796 01/06/2015 1 0.00 01/06/2015 English Books      
          Central Library Central Library 26/11/2016       330.3 NAR A-945795 26/11/2016 2 0.00 26/11/2016 English Books Dewey Decimal Classification    
        Non-fiction Shahdara Branch Shahdara Branch 21/07/2018 BPPD/PUB 0.00 1 330.3 NAR A-945802 02/09/2018   0.00 21/07/2018 English Books Dewey Decimal Classification 2 21/07/2018

© Delhi Public Library
Hit Counter
free hit counter